000
00329nam a2200145Ia 4500
008
150201s2003 xx 000 0 und d
082
_a
615.321
_b
M2003H
100
_a
HOSSAIN
245
_a
MEDICAL THERAPEUTICS
250
_a
1ST
260
_b
AITBS
_a
DELHI
_c
2003
300
_a
1-300
650
_a
PHARMACOLOGY
942
_2
ddc
_c
BK
999
_c
3059
_d
3059